000 00477cam a22001692a 4500
001 001156
003 AR-FADEU
008 311216n1995####xxu####################dd
100 _aCastro, Fanny Yolanda
245 _aBarrio Nuevo : esfuerzo comunitario
260 _bPráctica de servicio social en comunidad
260 _aGeneral Roca
260 _c1995
440 _aSistematización
650 _aCOMUNIDAD; SISTEMATIZACION-BARRIO NUEVO; BARRIO NUEVO
942 _cFOLLETO
999 _c1654
_d1654